| 000 | 00768nam a22002537a 4500 | ||
|---|---|---|---|
| 003 | UA-OsUOA | ||
| 001 | 45603 | ||
| 007 | ta | ||
| 008 | 20070427b un ||||| |||| 00| 0 ukr d | ||
| 090 |
_a32 _bР-11 |
||
| 942 | _cMG | ||
| 040 |
_aUA-OsUOA _brus _cUA-OsUOA _dUA-OsUOA |
||
| 245 |
_aРоссия в глобальной политике _bУчредитель - Общий совет по внешней и оборонной политике _cГлав. ред. Караганов С.А. |
||
| 300 | _a220 с. | ||
| 955 | _a1 | ||
| 041 | _arus | ||
| 080 | _a32 | ||
| 022 | _a1810-6439 | ||
| 260 |
_aМ. _bкалужская типография стандартов |
||
| 044 | _aRU | ||
| 962 | _a2002 | ||
| 099 | _a12900 | ||
| 650 | 7 |
_a32 Політика _2UDC |
|
| 999 |
_c331700 _d331700 |
||